00410 2200181 4500001002100000005001500021035002000036245003800056100001600094250000600110300000700116260003900123082000800162084001400170020001800184990001300202990001300215INLIS00000000000162820250428014806 a0010-04250000441 aMisteri Ranu Grati /cZahra, S.Pd0 aZahra, S.Pd a1 a78 aJakarta :bPT. Dian Ariesta,c2002 a813 a813 ZAH m a979-3307-11-0 a03.20105 a03.20106